Normal view
MARC view
- ELECTRIC TRANSFORMERS DESIGN. POWER TRANSFROMERS
Entry Topical Term
001 - CONTROL NUMBER
- control field: 64843
003 - CONTROL NUMBER IDENTIFIER
- control field: NUST
005 - DATE AND TIME OF LATEST TRANSACTION
- control field: 20210628203335.0
008 - FIXED-LENGTH DATA ELEMENTS
- fixed length control field: 210628|| aca||aabn | a|a d
040 ## - CATALOGING SOURCE
- Original cataloging agency: NUST
- Transcribing agency: NUST
150 ## - HEADING--TOPICAL TERM
- Topical term or geographic name entry element: ELECTRIC TRANSFORMERS DESIGN. POWER TRANSFROMERS
670 ## - SOURCE DATA FOUND
- Source citation: Work cat.: (NUST): Vecchio, Robert M. Del:Feghali, Pierre T 64842, Transformer design principles;with applications to core form power transfromers, 2002
